|
|
|
|
| LEADER |
01742nam a2200409Ia 4500 |
| 001 |
EBC3572059 |
| 003 |
MiAaPQ |
| 005 |
20200520144314.0 |
| 006 |
m o d | |
| 007 |
cr cn||||||||| |
| 008 |
070302s2007 ne a sb 100 0 eng d |
| 020 |
|
|
|z 9086860303 (hd.bd.)
|
| 020 |
|
|
|z 9789086860302 (hd.bd.)
|
| 020 |
|
|
|z 9789086865932
|
| 035 |
|
|
|a (MiAaPQ)EBC3572059
|
| 035 |
|
|
|a (Au-PeEL)EBL3572059
|
| 035 |
|
|
|a (CaPaEBR)ebr10686803
|
| 035 |
|
|
|a (OCoLC)932327353
|
| 040 |
|
|
|a MiAaPQ
|c MiAaPQ
|d MiAaPQ
|
| 050 |
|
4 |
|a SF5
|b .I58 2006
|
| 082 |
0 |
4 |
|a 636
|2 23
|
| 110 |
2 |
|
|a International Committee for Animal Recording.
|b Session
|n (35th :
|d 2006 :
|c Kuopio, Finland)
|
| 245 |
1 |
0 |
|a Breeding, production recording, health and the evaluation of farm animals
|h [electronic resource] :
|b proceedings of the 35th biennial Session of ICAR, Kuopio, Finland, June 6-10, 2006 /
|c editors: Juho Kyntaja ... [et al.].
|
| 260 |
|
|
|a Wageningen :
|b Wageningen Academic Publishers,
|c 2007.
|
| 300 |
|
|
|a 369 p. :
|b ill.
|
| 490 |
1 |
|
|a EAAP publication,
|x 0071-2477 ;
|v no. 121
|
| 500 |
|
|
|a Organized by ICAR, Pro Agria and EAAP.
|
| 504 |
|
|
|a Includes bibliographical references.
|
| 533 |
|
|
|a Electronic reproduction. Ann Arbor, MI : ProQuest, 2016. Available via World Wide Web. Access may be limited to ProQuest affiliated libraries.
|
| 650 |
|
0 |
|a Livestock productivity
|v Congresses.
|
| 650 |
|
0 |
|a Milk yield
|v Congresses.
|
| 650 |
|
0 |
|a Animal industry
|x Records and correspondence
|v Congresses.
|
| 655 |
|
4 |
|a Electronic books.
|
| 700 |
1 |
|
|a Kyntaja, Juho.
|
| 710 |
2 |
|
|a ProQuest (Firm)
|
| 830 |
|
0 |
|a EAAP publication ;
|v no. 121.
|x 0071-2477.
|
| 856 |
4 |
0 |
|u https://ebookcentral.proquest.com/lib/matrademy/detail.action?docID=3572059
|z Click to View
|